000 00474nam a2200109Ia 4500
008 160909s9999 xx 000 0 und d
100 _aMcCann, Ryan D.
245 _aStrategic Human Resource Management implementation and organizational information processing: A multiple case study of Western Pennsylvanian oil and natural gas companies
260 _bRobert Morris University
_c2016
650 _aMASS COM
856 _uhttp://pqdtopen.proquest.com/doc/1810988905.html?FMT=ABS
999 _c304183
_d304183